000
00328nam a2200145Ia 4500
008
150301s2015 xx 000 0 und d
082
_a
615.4
_b
D01A
100
_a
A. KALANK
245
_a
DRUGS & COSMETICS ACT 1940
250
_a
IST
260
_b
A. KALANK PUBLISHER
300
_a
400
650
_a
PHARMACY
942
_2
ddc
_c
BK
999
_c
7063
_d
7063